书目信息 |
| 题名: |
秦汉历史文化论稿
|
|
| 作者: | 黄留珠 著 | |
| 分册: | ||
| 出版信息: | 西安 三秦出版社 2002 |
|
| 页数: | 451页 | |
| 开本: | 20cm | |
| 丛书名: | 周秦汉唐文化工程·学术研究文库 | |
| 单 册: | ||
| 中图分类: | K232.07 | |
| 科图分类: | ||
| 主题词: | 古代史--研究--中国--秦汉时代 | |
| 电子资源: | ||
| ISBN: | 7-80628-603-9 | |
| 000 | 00722nam0 2200229 45 | |
| 001 | 0312081062 | |
| 005 | 20031219104122.5 | |
| 010 | @a7-80628-603-9@dCNY36.00 | |
| 100 | @a20031208d2002 km y0chiy0120 ea | |
| 101 | 0 | @achi |
| 105 | @a z 000yy | |
| 200 | 1 | @a秦汉历史文化论稿@AQin Han Li Shi Wen Hua Lun Gao@f黄留珠著@FHuang Liu Zhu Zhu |
| 210 | @a西安@c三秦出版社@d2002 | |
| 215 | @a451页@d20cm | |
| 225 | @a周秦汉唐文化工程·学术研究文库@f魏全瑞主编 | |
| 410 | @12001 @a周秦汉唐文化工程·学术研究文库 | |
| 410 | @1700 0@a魏全瑞@AWei Quan Rui@4主编 | |
| 606 | 0 | @a古代史@x研究@y中国@z秦汉时代 |
| 690 | @aK232.07@v4 | |
| 701 | 0 | @a黄留珠@4著 |
| 801 | @aCN@bTSTC@c20031208 | |
| 905 | @b329436-440@dK232.07@e21@f5 | |
| 秦汉历史文化论稿/黄留珠著.-西安:三秦出版社,2002 |
| 451页;20cm.-(周秦汉唐文化工程·学术研究文库/魏全瑞主编) |
| ISBN 7-80628-603-9:CNY36.00 |
| ● |
| 相关链接 |
|
|
|
|
正题名:秦汉历史文化论稿
索取号:K232.07/21
 
预约/预借
| 序号 | 登录号 | 条形码 | 馆藏地/架位号 | 状态 | 备注 |
| 1 | 0329436 | 203294363 | 第二借阅区/ [索取号:K232.07/21] | 在馆 | |
| 2 | 0329437 | 203294372 | 第二借阅区/ [索取号:K232.07/21] | 在馆 | |
| 3 | 0329438 | 203294381 | 第二借阅区/ [索取号:K232.07/21] | 在馆 | |
| 4 | 0329439 | 203294390 | 第二借阅区/ [索取号:K232.07/21] | 在馆 | |
| 5 | 0329440 | 203294407 | 第二样本阅览室/ [索取号:K232.07/21] | 在馆 |